Guía didáctica: plan nacional de fomento de la natación

Guardat en:
Dades bibliogràfiques
Autor corporatiu: Digeder (Autor)
Format: Llibre
Idioma:espanyol
Publicat: Santiago Digeder 1994
Matèries:
Etiquetes: Afegir etiqueta
Sense etiquetes, Sigues el primer a etiquetar aquest registre!

MARC

LEADER 00000nam a2200000 a 4500
001 UCX9506
003 CL-VaPUC
008 940610e19940000CL |||||||||||||||||spa|d
082 0 4 |a 797.2  |b DIG  |2 21 
110 2 |a Digeder  |e author  |9 326926 
245 1 0 |a Guía didáctica: plan nacional de fomento de la natación 
300 |a 75 p 
942 |c BK 
945 |d 19940610 00:00:00  |a rbrito 
260 |a Santiago  |b Digeder  |c 1994 
650 0 |a Natación  |9 307454 
583 |a last modification  |c 19940610 00:00:00  |k Rodrigo Vera 
999 |c 228722  |d 228720 
952 |0 0  |1 0  |4 0  |6 797_200000000000000_DIG_1994  |7 0  |8 A  |9 229098  |a BIBEDU  |b BIBEDU  |d 2019-11-15  |i 2976439  |l 1  |m 1  |o 797.2 DIG 1994  |p 2976439  |r 2024-05-06  |s 2024-04-22  |w 2019-11-15  |y BK  |k EFI